• 首页
  • 本馆介绍
  • 公告通知
  • 最新文献
  • 馆藏检索
  • 电子资源
  • 读者导购
  • 参考咨询
  • 我的图书馆
  • 登录
  • 详细信息显示
  • 放入我的书架
  • 预约/预借图书
  • 作者相关作品
  • 分类相关作品
  • 丛书相关作品
  • 出版社相关作品

书目信息

  • 表格格式
  • 工作单格式
  • 卡片格式
题名:
最新合同法律法规规章及立法司法行政解释全集
    
 
作者: 张经 主编 ;国家工商行政管理总局市场规范管理司 编
分册:  
出版信息: 北京   工商出版社  2001.05
页数: 1666页
开本: 20cm
丛书名:
单 册:
中图分类: D923.65
科图分类:
主题词: 合同法--法律解释--中国
电子资源:
ISBN: 7-80012-600-5
000 01048nam0 2200253 450
001 0104000022
005 20051012111123.1
010    @a7-80012-600-5@b精装@dCNY88.00
100    @a20081129d2001 ekmy0chiy0120 ea
101 0  @achi
102    @aCN@b110000
105    @ay n 001yy
106    @ar
200 1  @a最新合同法律法规规章及立法司法行政解释全集@AZui Xin He Tong Fa Lu^ Fa Gui Gui Zhang Ji Li Fa Si Fa Xing Zheng Jie Shi Quan Ji@f张经等主编@FZhang Jing Deng Zhu Bian@g国家工商行政管理总局市场规范管理司编
210    @a北京@c工商出版社@d2001.05
215    @a1666页@d20cm
330    @a本书将《合同法》颁布以来经清理后有效的有关合同的法律、法规、规章及所有涉及合同的立法解释、司法解释和行政解释等编辑成册。
606 0  @a合同法@x法律解释@y中国
690    @aD923.65@v4
701  0 @a张经@AZhang Jing@9zhang jing@4主编
712 02 @a国家工商行政管理总局市场规范管理司@AGuo Jia Gong Shang Xing Zheng Guan Li Zong Ju Shi Chang Gui Fan Guan Li Si@4编
801  0 @aCN@bHTDF@c20081129
905    @aBZT@dD923.65@e3@f10
906    @dCNY88.00@n0@r1
    
    最新合同法律法规规章及立法司法行政解释全集/张经等主编/国家工商行政管理总局市场规范管理司编.-北京:工商出版社,2001.05
    1666页;20cm
    
    
    ISBN 7-80012-600-5(精装):CNY88.00
    本书将《合同法》颁布以来经清理后有效的有关合同的法律、法规、规章及所有涉及合同的立法解释、司法解释和行政解释等编辑成册。
●
相关链接 在五车中查询图书 在当当中查询图书 在豆瓣中查询图书


正题名:最新合同法律法规规章及立法司法行政解释全集     索取号:D923.65/3         预约/预借

序号 登录号 条形码 馆藏地/架位号 状态 备注
1 711562   2000711562   中心书库南/013架B面6层7列/ [索取号:D923.65/3] 在馆    
2 711563   2000711563   中心书库南/013架B面6层7列/ [索取号:D923.65/3] 在馆    
3 711564   2000711564   中心书库南/013架B面6层7列/ [索取号:D923.65/3] 在馆    
4 711565   2000711565   中心书库南/013架B面6层7列/ [索取号:D923.65/3] 在馆    
5 711566   2000711566   中心书库南/013架B面6层7列/ [索取号:D923.65/3] 在馆    
6 711567   2000711567   中心书库南/013架B面7层7列/ [索取号:D923.65/3] 在馆    
7 711568   2000711568   中心书库南/013架B面6层7列/ [索取号:D923.65/3] 在馆    
8 711569   2000711569   中心书库南/013架B面7层7列/ [索取号:D923.65/3] 在馆    
9 711570   2000711570   中心书库南/013架B面6层7列/ [索取号:D923.65/3] 在馆    
10 711571   2000711571   中心书库南/013架B面6层7列/ [索取号:D923.65/3] 在馆    
山东省滨州职业学院图书馆 欢迎您!
大连网信软件有限公司© 版权所有